La teoría de la demanda de los consumidores: una apreciación crítica
Saved in:
| Hovedforfatter: | |
|---|---|
| Format: | Bog |
| Sprog: | spansk |
| Udgivet: |
Ciudad de México
Herrero Hermanos Sucesores
1964
|
| Serier: | Serie Internacional para la Dirección
|
| Fag: | |
| Tags: |
Tilføj Tag
Ingen Tags, Vær først til at tagge denne postø!
|
MARC
| LEADER | 00000nam a2200000 a 4500 | ||
|---|---|---|---|
| 001 | UCT2755 | ||
| 003 | CL-VaPUC | ||
| 008 | 961011e19640000MX |||||||||||||||||spa|d | ||
| 082 | 0 | 4 | |a 330 |b CLA |2 21 |
| 100 | 0 | |a Clarkson, Geoffrey P. E |e author |9 371779 | |
| 245 | 1 | 3 | |a La teoría de la demanda de los consumidores: una apreciación crítica |
| 300 | |a 159 p | ||
| 942 | |c BK | ||
| 945 | |d 19961011 00:00:00 |a rbrito | ||
| 260 | |a Ciudad de México |b Herrero Hermanos Sucesores |c 1964 | ||
| 650 | 7 | |a DEMANDA |2 CL-VaPUC |9 255172 | |
| 650 | 0 | |a Consumidores |9 315658 | |
| 650 | 0 | |a Microeconomía |9 258126 | |
| 650 | 0 | |a Economía |9 255568 | |
| 650 | 0 | |a Investigación económica |9 320830 | |
| 650 | 0 | |a Mercado |9 321497 | |
| 650 | 0 | |a Oferta |9 357541 | |
| 583 | |a last modification |c 19961011 00:00:00 |k Rodrigo Vera | ||
| 490 | 0 | |a Serie Internacional para la Dirección | |
| 999 | |c 252728 |d 252726 | ||